[Event "Ambelokipi op 162th"]
[Site "Athens"]
[Date "2017.02.01"]
[Round "4"]
[White "Papastavropoulos, Andreas"]
[Black "Nikolaou, Georgios"]
[Result "0-1"]
[WhiteElo "2086"]
[BlackElo "2229"]
[PlyCount "132"]
[EventDate "2017.01.11"]
[EventType "swiss"]
[EventRounds "7"]
[EventCountry "GRE"]
[SourceTitle "EXT 2024"]
[Source "ChessBase"]
[SourceDate "2023.10.10"]
[SourceVersion "1"]
[SourceVersionDate "2023.10.10"]
[SourceQuality "1"]

1. e4 c5 2. Nf3 e6 3. d4 cxd4 4. Nxd4 Nc6 5. Nxc6 bxc6 6. Bd3 d5 7. 0-0 Nf6 8. Qe2 dxe4 9. Bxe4 Nxe4 10. Qxe4 Qd5 11. Nc3 Qxe4 12. Nxe4 f5 13. Nd2 e5 14. Re1 e4 15. Nb3 Kf7 16. Be3 Be7 17. Rad1 Rd8 18. Rxd8 Bxd8 19. Nd4 Bd7 20. Rd1 Ke8 21. Nb3 Be7 22. f3 exf3 23. gxf3 Be6 24. Nd4 Bd7 25. Re1 Kf7 26. f4 Bf6 27. c3 a5 28. Nf3 Rb8 29. Re2 Be6 30. a3 Bd5 31. Kf2 a4 32. Rd2 Rd8 33. Bb6 Re8 34. Bd4 Bxf3 35. Bxf6 Bd5 36. Be5 g5 37. Ke3 g4 38. Rd4 Re6 39. c4 Bf3 40. c5 Rh6 41. Rd7+ Ke8 42. Rd2 Rh3 43. Kd4 Bd5 44. Bd6 Kf7 45. Ke5 Be4 46. Bc7 Rh6 47. Kd4 Ke6 48. Kc3 Rh3+ 49. Kb4 h5 50. Bd8 h4 51. Bg5 g3 52. Rd6+ Kf7 53. Rd7+ Kg6 54. Rd6+ Kh5 55. Rh6+ Kg4 56. hxg3 hxg3 57. Rg6 g2 58. Bf6+ Kxf4 59. Bd4 Rg3 60. Rf6 Rd3 61. Bg1 Rd1 62. Bh2+ Kf3 63. Rg6 Rh1 64. Rg3+ Kf2 65. Rh3 Rxh2 66. Rxh2 Kf1 0-1

[Event "GRE-chT 43rd"]
[Site "Porto Rio"]
[Date "2015.10.08"]
[Round "2.11"]
[White "Panagiotopoulos, Alexandros"]
[Black "Papastavropoulos, Andreas"]
[Result "1/2-1/2"]
[WhiteElo "2064"]
[BlackElo "2178"]
[PlyCount "90"]
[EventDate "2015.10.08"]
[EventType "team-swiss"]
[EventRounds "7"]
[EventCountry "GRE"]
[SourceTitle "CBM 168 Extra"]
[Source "ChessBase"]
[SourceDate "2015.10.29"]
[SourceVersion "1"]
[SourceVersionDate "2015.10.29"]
[SourceQuality "1"]
[WhiteTeam "Elefsinas STM"]
[BlackTeam "Glyfadas Zenon"]
[WhiteTeamCountry "GRE"]
[BlackTeamCountry "GRE"]

1. e4 c5 2. Nf3 Nc6 3. d4 cxd4 4. Nxd4 Nf6 5. Nc3 e5 6. Ndb5 d6 7. Bg5 a6 8. Bxf6 gxf6 9. Na3 b5 10. Nd5 f5 11. c3 Bg7 12. exf5 Bxf5 13. Nc2 0-0 14. Nce3 Be6 15. Bd3 f5 16. Qh5 e4 17. Bc2 Ne7 18. Bb3 Nxd5 19. Bxd5 Bxd5 20. Nxd5 a5 21. 0-0 Rb8 22. a3 Qd7 23. Rad1 Qe6 24. Rfe1 Be5 25. f3 exf3 26. Qxf3 Kh8 27. g3 Rg8 28. Kh1 Qh6 29. Nf4 b4 30. axb4 axb4 31. Re2 bxc3 32. bxc3 Rbc8 33. Rd3 Rg4 34. Rf2 Rb8 35. Ne2 Rg5 36. Rg2 Qe6 37. Nd4 Bxd4 38. Rxd4 Rb1+ 39. Rd1 Qe4 40. Qf1 Rb2 41. Rxd6 Rxg2 42. Qxg2 Qe1+ 43. Qg1 Qe4+ 44. Qg2 Qe1+ 45. Qg1 Qe4+ 1/2-1/2

[Event "GRE-chT 42nd"]
[Site "Porto Rio"]
[Date "2014.07.03"]
[Round "7.2"]
[White "Markidis, Konstantinos"]
[Black "Papastavropoulos, Andreas"]
[Result "0-1"]
[WhiteElo "2314"]
[BlackElo "2205"]
[PlyCount "132"]
[EventDate "2014.06.28"]
[EventType "team-swiss"]
[EventRounds "7"]
[EventCountry "GRE"]
[SourceTitle "CBM 161 Extra"]
[Source "ChessBase"]
[SourceDate "2014.08.29"]
[SourceVersion "1"]
[SourceVersionDate "2014.08.29"]
[SourceQuality "1"]
[WhiteTeam "Florinas OP"]
[BlackTeam "Glyfadas Zenon"]
[WhiteTeamCountry "GRE"]
[BlackTeamCountry "GRE"]

1. e4 c5 2. Nf3 Nc6 3. Bb5 Qc7 4. 0-0 d6 5. c3 Bg4 6. h3 Bh5 7. d4 a6 8. Bxc6+ Qxc6 9. d5 Qc7 10. Nbd2 Nf6 11. Re1 h6 12. g4 Bg6 13. c4 h5 14. Nh4 hxg4 15. Nxg6 fxg6 16. hxg4 Qd7 17. f3 e5 18. b4 cxb4 19. Kg2 Be7 20. Rh1 Kf7 21. Rxh8 Rxh8 22. Nf1 Qc8 23. Ne3 Qg8 24. Bd2 Qh7 25. Qg1 Qh3+ 26. Kf2 Nh7 27. Bxb4 Ng5 28. Qg2 Qh4+ 29. Ke2 Nh3 30. Kd1 Nf4 31. Qf1 Qh2 32. Bd2 Rc8 33. Rb1 b5 34. cxb5 axb5 35. Rxb5 Ra8 36. Rb2 Ra3 37. Bc3 Qh8 38. Kc2 Qc8 39. Qc4 Qh8 40. Qf1 Qa8 41. Nd1 Rxa2 42. Rxa2 Qxa2+ 43. Nb2 Qa7 44. Bd2 Qa3 45. Bxf4 exf4 46. Qd3 Qc5+ 47. Nc4 Bf6 48. Qe2 Kg8 49. Qd3 Kh7 50. Qf1 Qb4 51. Qd3 Kh6 52. e5 dxe5 53. d6 Qa4+ 54. Kd2 Qa2+ 55. Kd1 Kg5 56. d7 Qa4+ 57. Ke2 e4 58. Qd5+ Kh4 59. d8Q Bxd8 60. Qxd8+ Kg3 61. Nd2 exf3+ 62. Kd3 Qb5+ 63. Kc3 f2 64. Qd3+ Qxd3+ 65. Kxd3 g5 66. Ke2 Kg2 0-1

[Event "GRE-chT 42nd"]
[Site "Porto Rio"]
[Date "2014.06.29"]
[Round "3.2"]
[White "Papastavropoulos, Andreas"]
[Black "Managadze, Nikoloz"]
[Result "0-1"]
[WhiteElo "2205"]
[BlackElo "2464"]
[PlyCount "98"]
[EventDate "2014.06.28"]
[EventType "team-swiss"]
[EventRounds "7"]
[EventCountry "GRE"]
[SourceTitle "CBM 161 Extra"]
[Source "ChessBase"]
[SourceDate "2014.08.29"]
[SourceVersion "1"]
[SourceVersionDate "2014.08.29"]
[SourceQuality "1"]
[WhiteTeam "Glyfadas Zenon"]
[BlackTeam "Irakleiou Contact"]
[WhiteTeamCountry "GRE"]
[BlackTeamCountry "GRE"]

1. e4 c5 2. Nf3 d6 3. d4 cxd4 4. Nxd4 Nf6 5. Nc3 Nc6 6. f3 e5 7. Nb3 Be6 8. Be3 Be7 9. Qd2 0-0 10. Rd1 a6 11. Be2 Rc8 12. 0-0 Nb8 13. f4 exf4 14. Bxf4 Nc6 15. Kh1 Ne5 16. Nd4 Qb6 17. Nb3 Rfe8 18. h3 Bf8 19. Qd4 Qc7 20. Rd2 Nfd7 21. Nd5 Bxd5 22. Qxd5 Nb6 23. Qd4 Nbc4 24. Rdd1 b5 25. Nd2 Nb6 26. c3 Na4 27. Rb1 Nc5 28. Qd5 Qe7 29. Rbe1 Na4 30. Qb3 Nb6 31. Bxe5 dxe5 32. c4 b4 33. c5 Rxc5 34. Qxb4 Qc7 35. Qb3 a5 36. Bb5 a4 37. Bxa4 Rd8 38. Nf3 Rc4 39. Nxe5 Qxe5 40. Qxb6 Rb8 41. Qa7 Bd6 42. Qxf7+ Kh8 43. g3 Qxg3 44. Rf2 Qxh3+ 45. Kg1 Rxa4 46. Rc1 Rxe4 47. Qd5 Rg4+ 48. Rg2 Rxg2+ 49. Qxg2 Qe3+ 0-1

[Event "GRE-chT 42nd"]
[Site "Porto Rio"]
[Date "2014.06.28"]
[Round "1.2"]
[White "Miton, Kamil"]
[Black "Papastavropoulos, Andreas"]
[Result "1-0"]
[WhiteElo "2608"]
[BlackElo "2205"]
[PlyCount "97"]
[EventDate "2014.06.28"]
[EventType "team-swiss"]
[EventRounds "7"]
[EventCountry "GRE"]
[SourceTitle "CBM 161 Extra"]
[Source "ChessBase"]
[SourceDate "2014.08.29"]
[SourceVersion "1"]
[SourceVersionDate "2014.08.29"]
[SourceQuality "1"]
[WhiteTeam "Irakleiou CN"]
[BlackTeam "Glyfadas Zenon"]
[WhiteTeamCountry "GRE"]
[BlackTeamCountry "GRE"]

1. d4 Nf6 2. c4 g6 3. Nc3 Bg7 4. e4 d6 5. f3 0-0 6. Bg5 a5 7. Qd2 Nc6 8. Nge2 e5 9. d5 Nb4 10. 0-0-0 Qd7 11. g4 Ne8 12. Ng3 f6 13. Be3 Rf7 14. Kb1 Qe7 15. h4 Na6 16. Bd3 Bd7 17. Bc2 Nc5 18. Qe2 a4 19. a3 Nb3 20. Bxb3 axb3 21. h5 g5 22. Nf5 Qd8 23. Rd3 Ra5 24. Qd1 Bf8 25. Qxb3 Qa8 26. Rc1 Qa6 27. Rd2 b5 28. cxb5 Bxb5 29. Nxb5 Rxb5 30. Qc4 Qa5 31. Qc6 Rb8 32. Ka2 Kh8 33. b4 Qa8 34. Qxa8 Rxa8 35. Rdc2 Rd7 36. Kb3 Rdd8 37. a4 Rdb8 38. Rc6 Rb7 39. b5 Kg8 40. Kb4 Rab8 41. Ra6 Kf7 42. Ra7 Be7 43. Rxb7 Rxb7 44. a5 Bd8 45. a6 Rb8 46. Rc6 Ng7 47. Nxg7 Kxg7 48. a7 Ra8 49. Ka5 1-0

[Event "GRE-chT 39th"]
[Site "Eretria"]
[Date "2011.07.03"]
[Round "1.9"]
[White "Papastavropoulos, Andreas"]
[Black "Argiroudis, Stamatis"]
[Result "0-1"]
[WhiteElo "2257"]
[BlackElo "2308"]
[PlyCount "92"]
[EventDate "2011.07.03"]
[EventType "team-swiss"]
[EventRounds "7"]
[EventCountry "GRE"]
[SourceTitle "CBM 143 Extra"]
[Source "ChessBase"]
[SourceDate "2011.08.29"]
[SourceVersion "1"]
[SourceVersionDate "2011.08.29"]
[SourceQuality "1"]
[WhiteTeam "Glyfadas Zenon"]
[BlackTeam "Triandrias"]
[WhiteTeamCountry "GRE"]
[BlackTeamCountry "GRE"]

1. e4 c5 2. Nf3 e6 3. d4 cxd4 4. Nxd4 Nc6 5. Nc3 Qc7 6. Nb3 a6 7. Bd3 b5 8. a3 Bb7 9. f4 h5 10. Be3 Nf6 11. Qd2 d6 12. h3 Rc8 13. 0-0 Be7 14. a4 b4 15. Na2 0-0 16. Qe2 Na5 17. Nxb4 Nc4 18. c3 a5 19. Nc2 Nxb2 20. e5 dxe5 21. fxe5 Qxe5 22. Bd4 Qg5 23. Bb5 Nc4 24. Bxc4 Rxc4 25. Be3 Qg6 26. Bd4 Rcc8 27. Nxa5 Be4 28. Ne1 Bc5 29. Nc4 Bxd4+ 30. cxd4 Bd5 31. Nb6 Rcd8 32. a5 Ne4 33. Qd3 e5 34. dxe5 Bc6 35. Qe3 Rfe8 36. Nf3 Nd2 37. Nh4 Nxf1 38. Rxf1 Qe4 39. Qxe4 Bxe4 40. Re1 Rxe5 41. Nf3 Ree8 42. Ra1 Rd6 43. Nc4 Rc6 44. Nce5 Ra6 45. Nd7 Bxf3 46. gxf3 Rea8 0-1

[Event "Attica-ch op"]
[Site "Attica"]
[Date "2003.05.23"]
[Round "9"]
[White "Papastavropoulos, Andreas"]
[Black "Sideris, Theodoros"]
[Result "0-1"]
[WhiteElo "2163"]
[BlackElo "2100"]
[PlyCount "52"]
[EventDate "2003.05.??"]
[EventType "swiss"]
[EventRounds "9"]
[EventCountry "GRE"]
[SourceTitle "EXT 2005"]
[Source "ChessBase"]
[SourceDate "2004.11.15"]
[SourceVersion "1"]
[SourceVersionDate "2004.11.15"]
[SourceQuality "1"]

1. e4 c5 2. Nf3 Nc6 3. d4 cxd4 4. Nxd4 g6 5. h4 Bg7 6. c3 Nf6 7. Bd3 h5 8. Qe2 Ne5 9. Bc2 Qb6 10. a4 Nc6 11. Nb5 a6 12. Be3 Qd8 13. N5a3 Ng4 14. Bg5 b5 15. f3 Nge5 16. Nd2 b4 17. cxb4 Nxb4 18. f4 Qc7 19. fxe5 Nxc2+ 20. Nxc2 Qxc2 21. 0-0 Qc5+ 22. Kh1 Qxe5 23. Nc4 Qe6 24. a5 Bb7 25. Nb6 Bxe4 26. Nxa8 Qh3+ 0-1

[Event "Heraklion op 6th"]
[Site "Heraklion"]
[Date "2002.06.05"]
[Round "8"]
[White "Papastavropoulos, Andreas"]
[Black "Lambropoulos, Evangelos"]
[Result "1-0"]
[WhiteElo "2179"]
[BlackElo "2108"]
[PlyCount "77"]
[EventDate "2002.06.10"]
[EventType "swiss"]
[EventRounds "9"]
[EventCountry "GRE"]
[SourceTitle "EXT 2004"]
[Source "ChessBase"]
[SourceDate "2003.11.25"]
[SourceVersion "1"]
[SourceVersionDate "2003.11.25"]
[SourceQuality "1"]

1. e4 c5 2. Nf3 Nc6 3. d4 cxd4 4. Nxd4 Qc7 5. Nc3 e6 6. Be3 a6 7. a3 Nf6 8. h3 b5 9. Bd3 Bb7 10. 0-0 Nxd4 11. Bxd4 Bc5 12. Bxc5 Qxc5 13. Qe2 0-0 14. Kh1 Rfd8 15. f4 d5 16. e5 Ne8 17. f5 Rd7 18. Qg4 Nc7 19. Qh4 g6 20. fxg6 fxg6 21. Rae1 Rf8 22. Rxf8+ Qxf8 23. Rf1 Rf7 24. Rxf7 Qxf7 25. Ne2 Qd7 26. Nd4 Ne8 27. c3 Ng7 28. Qf6 Bc8 29. g4 Ne8 30. Qg5 Kf8 31. Kg2 Qe7 32. Qe3 Nc7 33. Kg3 Bd7 34. h4 Be8 35. Be2 Kg7 36. Nb3 Qd7 37. Qa7 Kg8 38. Nd4 Kg7 39. Qxc7 1-0

[Event "Heraklion op 6th"]
[Site "Heraklion"]
[Date "2002.06.04"]
[Round "7"]
[White "Managadze, Nikoloz"]
[Black "Papastavropoulos, Andreas"]
[Result "1-0"]
[WhiteElo "2413"]
[BlackElo "2179"]
[PlyCount "57"]
[EventDate "2002.06.10"]
[EventType "swiss"]
[EventRounds "9"]
[EventCountry "GRE"]
[SourceTitle "EXT 2004"]
[Source "ChessBase"]
[SourceDate "2003.11.25"]
[SourceVersion "1"]
[SourceVersionDate "2003.11.25"]
[SourceQuality "1"]

1. e4 c5 2. Nf3 Nc6 3. Bb5 Na5 4. 0-0 a6 5. Be2 d6 6. c3 Nf6 7. d4 cxd4 8. cxd4 b5 9. b4 Nc4 10. Nc3 e6 11. a4 Bd7 12. Bxc4 bxc4 13. d5 e5 14. h3 Be7 15. Be3 Qc8 16. Nd2 g5 17. Qe2 Rb8 18. b5 axb5 19. axb5 g4 20. h4 Bxb5 21. Nxb5 Rxb5 22. Nxc4 Rb8 23. Rfc1 0-0 24. Nxe5 Qe8 25. Nxg4 Nxg4 26. Qxg4+ Kh8 27. Bd4+ f6 28. Rc7 Rf7 29. Raa7 1-0

[Event "Pireus-ch"]
[Site "Athens"]
[Date "2001.12.12"]
[Round "6"]
[White "Papastavropoulos, Andreas"]
[Black "Tsomis, Dimitrios"]
[Result "0-1"]
[WhiteElo "2187"]
[BlackElo "2183"]
[PlyCount "130"]
[EventDate "2001.11.29"]
[EventType "swiss"]
[EventRounds "7"]
[EventCountry "GRE"]
[SourceTitle "EXT 2003"]
[Source "ChessBase"]
[SourceDate "2002.11.25"]
[SourceVersion "1"]
[SourceVersionDate "2002.11.25"]
[SourceQuality "1"]

1. e4 c5 2. Nf3 d6 3. d4 cxd4 4. Nxd4 Nf6 5. Nc3 a6 6. Be3 Ng4 7. Bg5 h6 8. Bh4 g5 9. Bg3 Bg7 10. h3 Ne5 11. Be2 Nbc6 12. Nb3 Be6 13. Nd5 Bxd5 14. Qxd5 Qb6 15. c3 0-0-0 16. f3 e6 17. Qd2 Ng6 18. Bf2 Qc7 19. c4 Be5 20. Rc1 h5 21. Be3 Bg3+ 22. Kf1 Bf4 23. Bxf4 Nxf4 24. Qe3 h4 25. Kf2 Kb8 26. Rhd1 Rhg8 27. Bf1 Rge8 28. Nd4 Nxd4 29. Qxd4 Qc5 30. Qxc5 dxc5 31. g3 hxg3+ 32. Kxg3 Ng6 33. a3 Kc7 34. b4 b6 35. Kg4 f6 36. Rb1 Rh8 37. bxc5 bxc5 38. a4 Ne5+ 39. Kg3 Rxd1 40. Rxd1 Rb8 41. Be2 Rb3 42. Rf1 Ng6 43. Rd1 Ra3 44. Kg4 Rxa4 45. Bf1 Ra3 46. Kh5 Ne5 47. Be2 Re3 48. Rd2 Nxf3 49. Bxf3 Rxf3 50. Kg6 Rf4 51. e5 fxe5 52. Kxg5 Rxc4 53. h4 Rc1 54. Rh2 Kd6 55. h5 Rg1+ 56. Kf6 Rf1+ 57. Kg7 Ke7 58. h6 Rg1+ 59. Kh8 e4 60. h7 e3 61. Rh6 Rf1 62. Kg7 e2 63. h8Q e1Q 64. Qb8 Rf7+ 65. Kg6 Qe4+ 0-1

[Event "Ano Liosia op"]
[Site "Ano Liosia"]
[Date "2001.01.05"]
[Round "8"]
[White "Shavtvaladze, Nikoloz"]
[Black "Papastavropoulos, Andreas"]
[Result "1-0"]
[WhiteElo "2314"]
[BlackElo "2211"]
[PlyCount "78"]
[EventDate "2000.12.27"]
[EventType "swiss"]
[EventRounds "9"]
[EventCountry "GRE"]
[SourceTitle "CBM 079 Extra"]
[Source "ChessBase"]
[SourceDate "2001.01.11"]
[SourceVersion "2"]
[SourceVersionDate "2001.01.25"]
[SourceQuality "1"]

1. e4 c5 2. Nf3 Nc6 3. Nc3 d6 4. d4 cxd4 5. Nxd4 Nf6 6. Bg5 e6 7. Qd2 Be7 8. 0-0-0 a6 9. f4 h6 10. Bh4 Bd7 11. Nf3 Qc7 12. e5 dxe5 13. fxe5 Ng4 14. Bxe7 Kxe7 15. Ne4 Rad8 16. Qc3 Kf8 17. Qc5+ Kg8 18. Rd6 h5 19. Be2 Rc8 20. Bd1 b6 21. Qc3 Be8 22. h3 Nh6 23. Re1 Nf5 24. Rd2 Qb8 25. Nd6 Nxd6 26. exd6 Bd7 27. Qe3 b5 28. Ng5 Nd8 29. Ne4 Nb7 30. Qg5 Rh6 31. Qe7 Bc6 32. Ng5 Rf8 33. Rf1 Nd8 34. d7 f5 35. Re1 Rhf6 36. Rd6 Bd5 37. Bxh5 Qc7 38. Be8 Bxa2 39. Rd2 Bb3 1-0

[Event "Chalkida op 4th"]
[Site "Chalkida"]
[Date "2000.08.18"]
[Round "9"]
[White "Papastavropoulos, Andreas"]
[Black "Valellis, Georgios"]
[Result "1-0"]
[WhiteElo "2211"]
[BlackElo "2163"]
[PlyCount "53"]
[EventDate "2000.08.11"]
[EventType "swiss"]
[EventRounds "9"]
[EventCountry "GRE"]
[SourceTitle "EXT 2001"]
[Source "ChessBase"]
[SourceDate "2000.11.22"]
[SourceVersion "1"]
[SourceVersionDate "2000.11.22"]
[SourceQuality "1"]

1. e4 c5 2. Nf3 e6 3. d4 cxd4 4. Nxd4 Nf6 5. Nc3 d6 6. Be3 Nc6 7. Nb3 a6 8. f3 b5 9. Qd2 Qc7 10. g4 h6 11. 0-0-0 b4 12. Ne2 e5 13. Ng3 g6 14. h4 Be6 15. Kb1 a5 16. c4 a4 17. Nc1 Nd7 18. Nf5 gxf5 19. gxf5 Bxf5 20. exf5 Nc5 21. f4 0-0-0 22. Bg2 Be7 23. Qd5 Kb7 24. Nd3 Kb6 25. f6 Bf8 26. fxe5 dxe5 27. Bxc5+ 1-0

[Event "Korinthos op 4th"]
[Site "Korinthos"]
[Date "2000.08.01"]
[Round "8"]
[White "Papastavropoulos, Andreas"]
[Black "Jonkman, Harmen"]
[Result "1-0"]
[WhiteElo "2211"]
[BlackElo "2424"]
[PlyCount "78"]
[EventDate "2000.07.25"]
[EventType "swiss"]
[EventRounds "9"]
[EventCountry "GRE"]
[SourceTitle "EXT 2001"]
[Source "ChessBase"]
[SourceDate "2000.11.22"]
[SourceVersion "1"]
[SourceVersionDate "2000.11.22"]
[SourceQuality "1"]

1. e4 e5 2. Nf3 Nc6 3. Bc4 Nf6 4. d4 exd4 5. Ng5 Ne5 6. Bb3 h6 7. f4 hxg5 8. fxe5 Nxe4 9. Qxd4 Nc5 10. 0-0 Nxb3 11. axb3 d5 12. Qf2 Be6 13. Rxa7 Rb8 14. Be3 Be7 15. Nd2 g4 16. c3 Rh5 17. Bf4 Rf5 18. Qe3 Kf8 19. b4 d4 20. cxd4 g5 21. Bg3 Bxb4 22. Rxf5 Bxf5 23. Ra1 Be7 24. Rf1 Qd7 25. Ne4 Bxe4 26. Qxe4 Kg8 27. d5 Bc5+ 28. Kh1 Rf8 29. Rf5 Be7 30. Qxg4 Qxd5 31. h4 Rd8 32. Kh2 Kf8 33. Qh5 Ke8 34. hxg5 Qe6 35. Rf2 Qg6 36. Qh8+ Kd7 37. Rd2+ Kc8 38. Rxd8+ Bxd8 39. Bf4 Kd7 1-0